| 000 | 00880cam a2200289 4500 | ||
|---|---|---|---|
| 001 | 1541177 | ||
| 003 | OSt | ||
| 005 | 20151007161631.0 | ||
| 008 | 721213s1949 nyua b 001 0 eng | ||
| 010 | _a 49007397 | ||
| 035 | _a(OCoLC)ocm00514272 | ||
| 035 | _a(NNC)1541177 | ||
| 040 |
_aDLC _cCSU _dIAY |
||
| 050 | 0 |
_aHQ769 _b.H93 |
|
| 082 | _a649.1 | ||
| 100 | 1 |
_aHurlock, Elizabeth B. _q(Elizabeth Bergner), _d1898-1988. |
|
| 245 | 1 | 0 |
_aChild growth and development _c[by] Elizabeth B. Hurlock. |
| 260 |
_aNew York, _bMcGraw-Hill _c[1949] |
||
| 300 |
_ax, 374 p. _billus. _c21 cm. |
||
| 490 | 1 | _aMcGraw-Hill American home and family series | |
| 504 | _aBibliography: p. 355-359. "List of visual aids": p.361-368. | ||
| 650 | 0 | _aChild rearing. | |
| 830 | 0 | _aMcGraw-Hill American home and family series. | |
| 942 |
_2lcc _cBK |
||
| 999 |
_c250266 _d250266 |
||